Polskie osobowości piłkarskie - Statystyki

Ogólne statystyki
  • Ten quiz został rozwiązany 501 razy
    482 od ostatniego zresetowania
  • Średni wynik to 6 z 22
Statystyki odpowiedzi
Imię i nazwisko % Poprawnych
Dariusz Szpakowski
85%
Mateusz Borek
85%
Michał Pol
78%
Tomasz Smokowski
61%
Jacek Laskowski
60%
Włodzimierz Szaranowicz
60%
Roman Kołtoń
41%
Przemysław Babiarz
19%
Mateusz Święcicki
13%
Bożydar Iwanow
12%
Maciej Iwański
12%
Filip Kapica
10%
Maciej Kurzajewski
9%
Edward Durda
7%
Łukasz Wiśniowski
7%
Jakub Polkowski
5%
Jolanta Zasępa
4%
Rafał Patyra
4%
Sergiusz Ryczel
4%
Tomasz Zimoch
3%
Michał Listkiewicz
1%
Paulina Chylewska
1%
Nie znaleziono quizów pasujących do podanych kryteriów
Rozkład punktacji
Procent ludzi z każdym wynikiem
Percentyl według liczby udzielonych odpowiedzi
Twoja historia wyników
Nie rozwiązałeś tego quizu od ostatniego zresetowania